000 00531nam a22001697a 4500
003 0
005 20250429173356.0
008 231227b xxu||||| |||| 00| 0 eng d
020 _a978-0-375-71483-2
050 _aTR IB PN6747
_b.Sa253 2007
100 _aSatrapi, MarJane
245 _aThe complete persepolis
_cMarJane Satrapi
260 _aNew York
_bPantheon Books
_cc2007.
300 _a340 pages :
_bblack and white illustrations ;
_c23cm.
650 _aSatrapi, Marjane, [2007]--Comic books, strips, etc.
942 _2lcc
_cBK
999 _c365780
_d365780